School quality, achievement Bias, and dropout behavior in Egypt

Guardat en:
Dades bibliogràfiques
Autors principals: Hanushek, Eric A (Autor), Lavy, Victor (Autor)
Format: Llibre
Idioma:espanyol
Publicat: Washington, D.C The World Bank 1994
Col·lecció:Lsms Working Paper, 107
Matèries:
Etiquetes: Afegir etiqueta
Sense etiquetes, Sigues el primer a etiquetar aquest registre!

MARC

LEADER 00000nam a2200000 a 4500
001 UCS2514
003 CL-VaPUC
008 970530e19940000US |||||||||||||||||spa|d
082 0 4 |a 370.19  |b HAN  |2 21 
100 0 |a Hanushek, Eric A  |e author  |9 388016 
700 0 |a Lavy, Victor  |e author  |9 388017 
245 1 0 |a School quality, achievement Bias, and dropout behavior in Egypt 
300 |a 36 p 
942 |c BK 
945 |d 19970530 00:00:00  |a amoreno 
260 |a Washington, D.C  |b The World Bank  |c 1994 
650 7 |a ESCUELAS PUBLICAS  |2 CL-VaPUC  |9 312134 
650 0 |a Sociología de la educación   |9 260380 
650 0 |a Calidad de la educación   |9 307271 
650 0 |a Mercado laboral   |9 375911 
651 0 |a Egipto   |9 268199 
583 |a last modification  |c 19970530 00:00:00  |k Rodrigo Vera 
490 0 |a Lsms Working Paper, 107 
999 |c 260463  |d 260461 
952 |0 0  |1 0  |4 0  |6 370_190000000000000_HAN_1994  |7 0  |8 P  |9 286613  |a BIBEDU  |b BIBEDU  |c BIBEDU_PB  |d 2019-11-19  |i 3309649  |o 370.19 HAN 1994  |p 3309649  |r 2024-01-25  |w 2019-11-19  |y BK  |k EDU